Elementos para construir una didáctica de la función avance de investigación (Registro nro. 6084)

Detalles MARC
000 -ENCABEZADO
Número de control [NR] 00673nam a2200181Ia 4500
008 - DE LONGITUD FIJA DE DATOS DE ELEMENTOS - INFORMACIÓN GENERAL
Elementos de longitud fija [NR] 130821s1995 ck gr spa
040 ## - FUENTE DE CATALOGACION [NR]
Agencia de catalogación original [NR] Co-BoUCM
Idioma de catalogación [NR] spa
041 ## - CODIGO DE IDIOMA [R]
Código de idioma para texto/pista de sonido o título separado [R] Español
245 ## - MENCION DE TITULO [NR]
Título [NR] Elementos para construir una didáctica de la función avance de investigación
Mención de responsabilidad, etc. [NR] Gloria García . . [et al]
260 ## - PUBLICACION, DISTRIBUCION, ETC. (PIE DE IMPRENTA) [R]
Lugar de publicación, distribución, etc. [R] Bogotá (Cundinamarca, Colombia)
Nombre del editor, distribuidor, etc. [R] Universidad Pedagógica Nacional
Fecha de publicación, distribución, etc. [R] 1995
300 ## - DESCRIPCION FISICA [R]
Extensión [R] 16 páginas
490 ## - MENCION DE SERIE [R]
Mención de serie [R] Pedagógica Nacional, 1995
504 ## - NOTA DE BIBLIOGRAFIA, ETC. [R]
Nota de bibliografía, etc. [NR]
650 04 - ASIENTO SECUNDARIO DE MATERIA - TERMINO TEMATICO [R]
Término temático o nombre geográfico como elemento de entrada [NR] Funciones
Subdivisión general [R] Enseñanza
9 (RLIN) 16196
650 04 - ASIENTO SECUNDARIO DE MATERIA - TERMINO TEMATICO [R]
Término temático o nombre geográfico como elemento de entrada [NR] Matemáticas
Subdivisión general [R] Enseñanza
9 (RLIN) 55930
942 ## - ELEMENTOS DE ENTRADA AGREGADOS (KOHA)
Tipo de ítem principal el descrito en 300a Libro
Tema principal Ciencias puras
Edición 1
Parte restante de la signatura top. E53
Título oculto en OPAC No
Sistema de clasificación DEWEY
Clasificación 512.73
Existencias
Fecha de último préstamo Total préstamos Signatura topográfica Código de barras Última vez visto Ejemplar Price effective from Tipo de ítem Nota pública (OPAC) Perdido Sistema de clasificación Dañado No prestable Tipo de ítem específico Suprimido Ubicación habitual Ubicación actual Localización Fecha de creación Forma de adquisición Costo
30/03/2022 1 512.73 E53 100035548 04/12/2025 Ej.1 03/02/2013 Libro Fundamentos Matemáticos   DEWEY     Libro   Claustro Claustro 4to piso 28/02/2003 Donación 50.00